BIBLIOTHÈQUE DE LA MAISON DU MEXIQUE

Logo 1 Logo 2

Los primeros filósofos (notice nᵒ 12187)

détails MARC
000 -Sello discográfico
campo de control de longitud fija 01152nam a2200337 4500
005 - Identificación de versión
campo de control 20251016082712.0
035 ## - Otros números de control del sistema
Número de control del sistema 9197
099 ## - fechas locales
Tipo de ítem Koha LIBRO
100 ## - Datos de procesamiento general
Datos de procesamiento general 19930801d1959 m y1spay5003 ba
101 ## - Idioma del recurso
Idioma del texto, banda sonora, etc. Español; Castellano
Idioma de la obra original Inglés
105 ## - Campo de datos codificados: Material textual, monográfico
Datos codificados de monografía a 001zy
200 1# - Título y mención de responsabilidad
Título propio Los primeros filósofos
Designación general del material texto impreso
Primer mención de responsabilidad George Thomson
Declaración de responsabilidad subsiguiente traducción de Margo López Cámara y José Luis González
205 ## - Declaración de edición
Declaración de edición 1a ed
210 ## - Publicación, distribución, etc.
Lugar de publicación, distribución, etc. México
Nombre del editor, distribuidor, etc. Universidad Nacional Autónoma de México, Dirección General de Publicaciones
Fecha de publicación, distribución, etc. 1959
215 ## - Descripción física
Designación de material específico y extensión del ítem 434 p
Otras características físicas il.
Dimensiones 22 cm
300 ## - Notas generales
Texto de la nota Incluye bibliografía: p.423-429
345 ## - Nota de información de adquisición
Fuente de adquisición/dirección de la suscripción [OBSOLETO] Donación
410 #1 - Series
Título Problemas Científicos y Filosóficos
Número de volumen 15
454 #1 - Traducción de
Título Studies in Ancient Greek Society, Vol.II, The First Philosophers
606 ## - Término temático usado como materia
Elemento de entrada Filosofía
Subdivisión temática Historia
Número Koha 1503
700 ## - Nombre personal - Responsabilidad primaria
Elemento de entrada Thomson
Parte del nombre distinta del elemento de entrada George
Número Koha 18816
702 ## - Nombre personal - Responsabilidad secundaria
Elemento de entrada González Coiscou
Parte del nombre distinta del elemento de entrada José Luis
Fechas 1926-1996
Número Koha 3394
702 ## - Nombre personal - Responsabilidad secundaria
Elemento de entrada López Cámara
Parte del nombre distinta del elemento de entrada Margo
Número Koha 18817
801 #0 - Fuente de origen
Agencia cm
900 ## -
-- 1/8922
900 ## -
-- 710934582\\010893
942 ## - ELEMENTOS DE ENTRADA SECUNDARIOS (KOHA)
Tipo de ítem Koha Livre
996 ## -
-- MEX
-- 751145101
-- MMAG
-- 004933
-- 109 T483S
-- 20210527LIV
Exemplaires
Estatus retirado Estado de daño Estado de pérdida Fecha de adquisición Biblioteca de origen Biblioteca actual Ubicación en estantería Código de barras Precio de reemplazo Signatura topográfica completa No para préstamo Tipo de ítem Koha Nota pública Nota no pública
      05/08/2025 Casa México Paris Casa México Paris   004933 05/08/2025 109 T483S   Livre 20210527LIV 751145101